Statistics for American Horror Story: Freak Show Characters

Click here to take the quiz!

General Stats

  • This quiz has been taken 57 times
  • The average score is 16 of 23

Answer Stats

DescriptionCharacter% Correct
A.k.a The Siamese Sisters, conjoined twins recruited to join the freak showBette and Dot Tattler
98%
A.k.a Lobster Boy, exploited all his, dreams of living a normal life off of the freak showJimmy Darling
96%
Spoiled, psychopathic son of #4 who turns into the main antagonist after getting rejected by the freak showDandy Mott
92%
German expatriate managing the freak show with a dangerous desire for fame and a dark pastElsa Mars
92%
A.k.a The Bearded Lady, mother of #2 and ex-wife of #3 with an alcohol addictionEthel Darling
88%
A disgraced clown turned serial killer who wears a mask to hide his disfigured faceTwisty the Clown
88%
Playful microcephalic "pinhead" and first member of the freak showPepper
84%
Extremely tiny Indian member of the freak show and #10's assistantMa Petite
82%
A.k.a The Three Breasted Woman, married to #3 with a desire for normalityDesiree Dupree
78%
Con-artist working with ^ who infiltrates the freak show posing as a fortune tellerMaggie Esmerelda
76%
A.k.a The Strongman, Father of #2, on the run from the law and secretly homosexualDell Toledo
73%
Wealthy socialite widow desperate to keep her son away from the freak showGloria Mott
71%
Goofy microcephalic "pinhead" married to ^Salty
69%
Con-artist trying to murder or capture and sell performers of the freak show to a museumStanley
69%
19th century English nobleman born with a second face on the back of his head, now a ghostEdward Mordrake
65%
Geek in the freak show with one talent; biting the heads off of small animalsMeep
65%
A.k.a The Amazon, abnormally large woman who plays the piano for the freak showEve
63%
A.k.a The Illustrated Seal, tattooed British immigrant with malformed arms that appear as flippersPaul
59%
Stage musician and travelling salesman haunted by his ventriloquist dummy MarjorieChester Creb
43%
A.k.a The Astounding Lizard Girl, ex-candy striper and member of the freak show after her father tattooed her with scalesPenny
37%
Daughter of #4's housekeeper who returns from college after her mother goes missingRegina Ross
35%
A.k.a The Fat Lady, extremely overweight debutante a new member of the freak showIma Wiggles
27%
Ex-convict "little person" that serves as a cook, stagehand, and performer for the freak showToulouse
14%

Score Distribution

Percentile by Number Answered

Percent of People with Each Score

Your Score History

You have not taken this quiz